| 000 | 00559nam a22001337a 4500 | ||
|---|---|---|---|
| 082 |
_a823 _bSIN/E |
||
| 100 | _aSINGTON,PHILIP | ||
| 245 | _aTHE EINSTEIN GIRL | ||
| 260 |
_aLONDON _bVINTAGE BOOKS |
||
| 300 | _a391 | ||
| 520 | _aA psychiatrist named Martin Kirsch travels across Germany, Switzerland and Serbia in search of an amnesiac woman's identity, whom she is almost dying outside Berlin in the roast-chestnut smell of Grenadierstrasse, a soggy handbill detailing one of Albert Einstein's public lectures. | ||
| 650 |
_aNOVEL ENGLISH _zLONDON |
||
| 942 | _cBK | ||
| 999 |
_c3265 _d3265 |
||